1555 1193 1715 1456 1526 1835 1213 1608 1358 1710 1093 1687 1059 1018 1316 1299 1884 1099 1366 1880 1127 1434 1945 1130 1205 1876 1673 1555 1910 1958 1685 1095 1749 1166 1752 1007 1761 1219 1484 1007 1190 1988 1446 1595 1115 1580 1810 1368 1872 1674 1581 1502 1123 1046 1070 1297 1937 1123 1827 1737 1271 1742 1994 1640 1645 1489 1995 1567 1712 1726 1667 1043 1307 1985 1886 1075 1039 1238 1928 1899 1191 1798 1377 1304 1978 1872 1052 1247 1083 1493 1954 1126 1385 1026 1242 1885 1311 1620 1047 BCNSPRNW ULIB Ver.6.0+V

เปลี่ยนเป็นภาษาไทย

Change to English
 แสดงรายละเอียดบรรณานุกรม
  กลับหน้าหลัก

Brief Record : Get Marc (ISO 2709) : E-mail record : QR code < ปิดหน้าต่าง
LEADER : 00000nam 2200000uu 4500
001    13399127034
003     ULIB
008    020711s2561 th a 000 0 tha d
020    ^a9786163920485
060    ^aWS103^bก344ป
110 1  ^aกองบรรณาธิการสำนักพิมพ์โลกหนังสือ
245    ^aปลาเจ้าปัญญา (THE CLEVER FISH) ชุดนิทานสุภาษิต 2 ภาษา (ไทย-อังกฤษ)
250    ^aพิมพ์ครั้งที่ 1
260    ^aกรุงเทพฯ :^bบริษัทสำนักพิมพ์โลกหนังสือ จำกัด,^c2561
300    ^a12 หน้า;^b21 ซม.
650    ^aเด็ก^xการเรียนการสอน
945    ^p50^l0^i006222
999    ^aประนอม เกษจรัล
รายการนี้ยังไม่มีแท็ก
คุณยังไม่ได้ล็อกอิน คุณสามารถมีกิจกรรมร่วมกับเว็บไซต์ได้ แต่ต้องล็อกอินก่อน ::
  ล็อกอิน

รายการสื่อสารสนเทศ

ลำดับที่ ประเภท เลขเรียก/บาร์โค้ด สถานที่ สถานะ
1. วิทยาศาสตร์การแพทย์ และสุขภาพ
วิทยาศาสตร์การแพทย์ และสุขภาพ
WS103 ก344ป ฉ.1 
  Barcode: 006222
ห้องสมุดวิทยาเขตสวรรค์ประชารักษ์
►หนังสือทั่วไป
ถูกยืม กำหนดส่งวันที่ 25 เมษายน 2568
  จอง

BibComment


ยังไม่เคยถูกคอมเมนท์

คอมเมนท์ทรัพยากรรายการนี้
  คอมเมนท์: ปลาเจ้าปัญญา THE..


 Copyright 2026. Bcnsprnw @Library